| 000 | 01107nam a2200181Ia 4500 | ||
|---|---|---|---|
| 008 | 151202s9999||||xx |||||||||||||| ||und|| | ||
| 082 | _bPNVM-121727 | ||
| 100 | _aसंपा-केळकर राम गोविंद | ||
| 245 | _aअमृतवाणी-बापूरावजी तथा श्री मामा केळकर सांगली यांच्याअभंगांची गाथा. | ||
| 260 | _b"राम गोविंद केळकर,सांगली." | ||
| 260 | _c1981 | ||
| 300 | _a314 | ||
| 600 | _aसंपा-केळकर राम गोविंद | ||
| 630 | _aअमृतवाणी-बापूरावजी तथा श्री मामा केळकर सांगली यांच्याअभंगांची गाथा. | ||
| 700 | _aसंपा-केळकर राम गोविंद | ||
| 730 | _aअमृतवाणी-बापूरावजी तथा श्री मामा केळकर सांगली यांच्याअभंगांची गाथा. | ||
| 942 | _cBOOK | ||
| 999 |
_c1351856 _d1351853 |
||